000 01040cab a2200385 4500
001 ABS58863
008 090401t1998 xxu||||| |||| 00| 0 eng d
035 _a(Sirsi) u86921
041 _aeng
245 _aFocus `98: Cheshire
260 _c1998
350 _a0
490 _aEstates Gazette
_v(9823) 6 June 1998, 77-155(14)
650 _aBUSINESS PARKS
650 _aCHESHIRE
650 _aCHESTER
650 _aCREWE
650 _aDEVELOPERS
650 _aELLESMERE PORT
650 _aINDUSTRIAL MARKET
650 _aLEISURE MARKET
650 _aMACCLESFIELD
650 _aNANTWICH
650 _aNORTHWICH
650 _aPROPERTY-COMMERCIAL PROPERTY-OFFICE PROPERTY-OFFICE PROPERTY MARKET
650 _aPROPERTY-COMMERCIAL PROPERTY-RETAIL PROPERTY-RETAIL PROPERTY MARKET
650 _aROCK SALT MINES
650 _aRUNCORN
650 _aWARRINGTON
650 _aWIDNES
650 _aWILMSLOW
690 _aPROPERTY-COMMERCIAL PROPERTY-COMMERCIAL PROPERTY MARKET
942 _n0
948 _c19/06/1998
999 _c54741
_d54741